000 00715nam a2200217Ia 4500
003 GCL
008 140319s9999 xx 000 0 ara d
040 _aGCL /
_cGCL
082 0 4 _a250.1
_bش ق
100 1 _aمحمد منير
245 1 0 _aالقول المفيد فى ادلةالاجتهاد والتقليد /
_cمحمد منير
260 _a[S.N] :
_bعبدالهادى محمد منير الدمشقى
300 _aترقيم متعدد
490 _aبطولات اسلامية
_v0
650 0 4 _aالاسلام
650 0 4 _aالتصوف الاسلامى
650 0 4 _aالشريعة الاسلامية
650 0 4 _aالفقه الاسلامى
650 0 4 _aالديانات
942 _2ddc
_cBK
999 _c58467
_d58467